Official Languages of India by State - Statistics

General Stats
  • This quiz has been taken 85 times
  • The average score is 46 of 57
Answer Stats
Hint Answer % Correct
Bihar Hindi
98%
Chhattisgarh Hindi
98%
Haryana Hindi
98%
Himachal Pradesh Hindi
98%
Jharkhand Hindi
98%
Madhya Pradesh Hindi
98%
Rajasthan Hindi
98%
Uttar Pradesh Hindi
98%
Uttarakhand Hindi
98%
Hindi
98%
Hindi
98%
Hindi
98%
Hindi
98%
Hindi
98%
Hindi
98%
Tamil Nadu Tamil
96%
Tamil
96%
Tripura Bengali
92%
West Bengal Bengali
92%
Punjab Punjabi
92%
Gujarat Gujarati
84%
Andhra Pradesh Telugu
84%
Telangana Telugu
84%
Assam Assamese
82%
Arunachal Pradesh English
82%
Goa English
82%
Meghalaya English
82%
Mizoram English
82%
Nagaland English
82%
Sikkim English
82%
English
82%
English
82%
Andaman and Nicobar Islands English
82%
Chandigarh English
82%
Dadra and Nagar Haveli and Daman and Diu English
82%
NCT Delhi English
82%
English
82%
Ladakh English
82%
Lakshadweep English
82%
Puducherry English
82%
Urdu
82%
Urdu
82%
Kerala Malayalam
80%
Maharashtra Marathi
78%
Karnataka Kannada
76%
Nepali
76%
Kashmiri
68%
Odisha Odia
66%
Manipur Meitei
60%
Mizo
60%
Konkani
54%
French
44%
Sikkimese
40%
Kokborok
34%
Boro
30%
Jammu and Kashmir Dogri
26%
Lepcha
12%
No matching quizzes found
Score Distribution
Percent of People with Each Score
Percentile by Number Answered
Your Score History
You have not taken this quiz